000 00756nam a2200253Ia 4500
003 OSt
005 20220925232218.0
006 a|||||r|||| 00| 0
007 ta
008 220923b |||||||| |||| 00| 0 eng d
020 _a0773501207
037 _cGeneral Book
040 _aRTL
_cRTL
_beng
041 _2eng
_aeng
082 _aU425.69M.N7, L2
100 _aMabogunje Akin L
_994207
245 0 _aRegional mobility and resources development in west Africa
260 _aMontreal
_bCentre for Developing-Area Studies McGill University
_c1972
300 _axiv, 154p
_ccm.
500 _aBibliography: P 147-50
650 _aMigration
942 _hU425.69M.N7, L2
_cGB
_2CC
999 _c590669
_d590669